Central Library OPAC University of Rajshahi

مکمل ڈرامہ خواب ہستی ;; makmal daramah khwab hasti / (Record no. 86265)

MARC details
000 -LEADER
fixed length control field 00628nam a22002057a 4500
001 - CONTROL NUMBER
control field 86265
003 - CONTROL NUMBER IDENTIFIER
rucl marc code BD-RjUL
005 - DATE AND TIME OF LATEST TRANSACTION
control field 20260330110150.0
008 - FIXED-LENGTH DATA ELEMENTS--GENERAL INFORMATION
fixed length control field 260330s1954 p ||||| |||| 00| 0 urd d
035 ## - SYSTEM CONTROL NUMBER
System control number (BD-RjUL)86265
040 ## - CATALOGING SOURCE
Original cataloging agency BD-RjUL
Language of cataloging eng
Transcribing agency BD-RjUL
041 ## - LANGUAGE CODE
Language code of text/sound track or separate title urd
082 ## - DEWEY DECIMAL CLASSIFICATION NUMBER
Edition number 23
Classification number 891.4392
Author mark and year RAM 1954
100 ## - MAIN ENTRY--PERSONAL NAME
Personal name رحمانی، عشرت ;; Rahmani, Ishrat
9 (RLIN) 17896
245 ## - TITLE STATEMENT
Title مکمل ڈرامہ خواب ہستی ;; makmal daramah khwab hasti /
Statement of responsibility, etc. عشرت رحمانی ;; Ishrat Rahmani
260 ## - PUBLICATION, DISTRIBUTION, ETC. (IMPRINT)
Place of publication, distribution, etc. Lahore :
Name of publisher, distributor, etc. Urdu makaj ,
Date of publication, distribution, etc. 1954
300 ## - PHYSICAL DESCRIPTION
Pagination 112 p. ;
Size 17 cm
650 ## - SUBJECT ADDED ENTRY--TOPICAL TERM
Topical term or geographic name as entry element Urdu Drama
942 ## - ADDED ENTRY ELEMENTS (KOHA)
Source of classification or shelving scheme Dewey Decimal Classification
Koha item type Books
Holdings
Lost status Source of classification or shelving scheme Damaged status Not for loan Collection code Permanent Location Current Location Shelving location Date acquired Source of acquisition Cost, normal purchase price Total Checkouts Full call number Date last seen Copy number Koha item type
  Dewey Decimal Classification   Not For Loan Non-fiction Central Library, University of Rajshahi Central Library, University of Rajshahi Reading Room 10/08/1953 Muhammad & brathers 1.80   U 891.4392 RAM 1954 30/03/2026 C-1 Books